| 000 | 00518nam a22001817a 4500 | ||
|---|---|---|---|
| 005 | 20250421120050.0 | ||
| 008 | 250421b |||||||| |||| 00| 0 eng d | ||
| 040 | _aMAIN | ||
| 041 | _aEnglish | ||
| 100 |
_aMartins Izaias _925636 |
||
| 245 | _aNetwork Usage Enterpreneurial Orientation and Their Effectiveness on SMEs Growth | ||
| 250 | _aLos Angeles | ||
| 260 |
_aLos Angeles _bSAGE _c2016 |
||
| 300 |
_a18-41 _bBJ557 |
||
| 440 |
_aThe Journal of Entrepreneurship _925637 |
||
| 650 | _aManagement | ||
| 942 | _cAI | ||
| 999 |
_c59715 _d59715 |
||